MARC details
| 000 -LEADER |
| fixed length control field |
01388 a2200409 4500 |
| 001 - CONTROL NUMBER |
| control field |
200129338 |
| 003 - CONTROL NUMBER IDENTIFIER |
| control field |
TR-AnTOB |
| 005 - DATE AND TIME OF LATEST TRANSACTION |
| control field |
20231201161557.0 |
| 008 - FIXED-LENGTH DATA ELEMENTS--GENERAL INFORMATION |
| fixed length control field |
140523b tu 000 0 |
| 040 ## - CATALOGING SOURCE |
| Original cataloging agency |
TR-AnTOB |
| Transcribing agency |
TR-AnTOB |
| Language of cataloging |
eng |
| Description conventions |
rda |
| 041 0# - LANGUAGE CODE |
| Language code of text/sound track or separate title |
Türkçe |
| 050 ## - LIBRARY OF CONGRESS CALL NUMBER |
| Classification number |
BF1418.T8 |
| Item number |
G87 2005 |
| 090 ## - LOCALLY ASSIGNED LC-TYPE CALL NUMBER (OCLC); LOCAL CALL NUMBER (RLIN) |
| Classification number (OCLC) (R) ; Classification number, CALL (RLIN) (NR) |
BF1418.T8 G87 2005 |
| 100 1# - MAIN ENTRY--PERSONAL NAME |
| Personal name |
Gürsan, Turgut |
| 9 (RLIN) |
10763 |
| 245 #0 - TITLE STATEMENT |
| Title |
Yeraltındaki gizli dünyalar / |
| Statement of responsibility, etc. |
Turgut Gürsan. |
| 264 #1 - PRODUCTION, PUBLICATION, DISTRIBUTION, MANUFACTURE, AND COPYRIGHT NOTICE |
| Place of production, publication, distribution, manufacture |
İstanbul : |
| Name of producer, publisher, distributor, manufacturer |
Bilge Karınca , |
| Date of production, publication, distribution, manufacture, or copyright notice |
2005. |
| 300 ## - PHYSICAL DESCRIPTION |
| Extent |
248 p.; |
| Other physical details |
ill.; |
| Dimensions |
21 cm. |
| 336 ## - CONTENT TYPE |
| Source |
rdacontent |
| Content type term |
text |
| Content type code |
txt |
| 337 ## - MEDIA TYPE |
| Source |
rdamedia |
| Media type term |
unmediated |
| Media type code |
n |
| 338 ## - CARRIER TYPE |
| Source |
rdacarrier |
| Carrier type term |
volume |
| Carrier type code |
nc |
| 490 0# - SERIES STATEMENT |
| Series statement |
Bilge Karınca Genel Yayın No ; |
| Volume/sequential designation |
103 |
| Series statement |
Dünya Tarihi Dizisi ; |
| Volume/sequential designation |
2 |
| 650 00 - SUBJECT ADDED ENTRY--TOPICAL TERM |
| Topical term or geographic name entry element |
Life on other planets |
| 9 (RLIN) |
4780 |
|
| Topical term or geographic name entry element |
Yaşam, Diğer gezegenlerde |
| Source of heading or term |
etuturkob |
| 9 (RLIN) |
111593 |
|
| Topical term or geographic name entry element |
Tanımlanamayan uçan nesneler |
| Source of heading or term |
etuturkob |
| 9 (RLIN) |
89312 |
|
| Topical term or geographic name entry element |
Atomic bomb |
| General subdivision |
Moral and ethical aspects |
| 9 (RLIN) |
89315 |
|
| Topical term or geographic name entry element |
Unidentified flying objects |
| 9 (RLIN) |
89317 |
|
| Topical term or geographic name entry element |
Occultism |
| 9 (RLIN) |
13136 |
|
| Topical term or geographic name entry element |
Atom bombası |
| General subdivision |
Ahlaki yönleri |
| 9 (RLIN) |
89309 |
|
| Topical term or geographic name entry element |
World politics |
| 9 (RLIN) |
6468 |
|
| Topical term or geographic name entry element |
Dünya politikası |
| 9 (RLIN) |
6466 |
|
| Topical term or geographic name entry element |
Gizlicilik |
| 9 (RLIN) |
88602 |
|
| Topical term or geographic name entry element |
Geographical myths |
| 9 (RLIN) |
89318 |
|
| Topical term or geographic name entry element |
Coğrafi efsaneler |
| 9 (RLIN) |
89313 |
| 700 ## - ADDED ENTRY--PERSONAL NAME |
| Personal name |
Gürsan, Turgut |
| 9 (RLIN) |
10763 |
| 942 ## - ADDED ENTRY ELEMENTS (KOHA) |
| Koha item type |
Book |
| Source of classification or shelving scheme |
Library of Congress Classification |